000 00311nam a22001337a 4500
008 171005b xxu||||| |||| 00| 0 eng d
020 _a01986178288
041 _aeng
080 _a159.9
100 _a49
101 _aPSI
245 _aDEVELOPMENT IN THE RESEARCH TECHNIQUE
_cKLOPPER.B
942 _2udc
_cBK
999 _c31925
_d31925